00957cam a2200241 a 4500001001300000003000400013005001700017008004100034010001700075040001300092050002400105130007100129245013600200260004000336300002800376440004500404440006200449500006700511546003000578504005300608700003700661999001700698sa 66000643 DLC20260227112216.0821004r19641897ii b 001 0 eng  asa 66000643  aDLCcDLC00aBL1114.84b.E5 19640 aVedas.pAtharvaveda (Śaunakasaṃhitā).kSelections.lEnglish.10aHymns of the Atharva-Veda :btogether with extracts from the ritual books and the commentaries /ctranslated by Maurice Bloomfield. aDelhi :bMotilal Banarsidassc1964. alxxiv, 716 p. ;c23 cm. 0aSacred books of the East series ;vv. 42 0aUNESCO collection of representative works.pIndian series aReprint. Originally published: Oxford : Clarendon Press, 1897. aTranslated from Sanskrit. aIncludes bibliographical references and indexes.1 aBloomfield, Maurice,d1855-1928. c67361d67361